A szegedi tankerületi kir. főigazgatóság területén levő törvényhatósági Népművelési Bizottságok összefoglaló adatai az 1936-37. népművelési évadról

Elmentve itt :
Bibliográfiai részletek
Szerző: Hübner József
Dokumentumtípus: Cikk
Megjelent: 1937
Sorozat:Nevelésügyi szemle 1 No. 1-10
Kulcsszavak:Népművelés - Magyarország - 20. sz. - statisztika, Nevelésügy - Magyarország - 20. sz. - statisztika
Online Access:http://acta.bibl.u-szeged.hu/52893
LEADER 00794nab a2200169 i 4500
001 acta52893
005 20260224081030.0
008 180417s1937 hu o 000 hun d
040 |a SZTE Egyetemi Kiadványok Repozitórium  |b hun 
041 |a hun 
100 1 |a Hübner József 
245 1 2 |a A szegedi tankerületi kir. főigazgatóság területén levő törvényhatósági Népművelési Bizottságok összefoglaló adatai az 1936-37. népművelési évadról  |h [elektronikus dokumentum] /  |c  Hübner József 
260 |c 1937 
300 |a 524-526 
490 0 |a Nevelésügyi szemle  |v 1 No. 1-10 
695 |a Népművelés - Magyarország - 20. sz. - statisztika, Nevelésügy - Magyarország - 20. sz. - statisztika 
856 4 0 |u http://acta.bibl.u-szeged.hu/52893/1/nev_szem_001_524-526.pdf  |z Dokumentum-elérés